000 00416nam a2200157Ia 4500
005 20240905112307.0
008 240806s9999||||xx |||||||||||||| ||eng||
041 _aeng
082 _a294.59215
_bBHAP
100 _aDurga Mohan Bhattacharya
245 0 _aPaippalada samhita of the atharvaveda /
_cDurga Mohan Bhattacharya
260 _bSanskrit College Calcutta
300 _a0
650 _aSanskrit
942 _cBK
999 _c21421
_d21421